| 000 | 00000nam##2200000za#4500 |
| 001 | 9.698360 |
| 003 | CaOODSP |
| 005 | 20240215150448 |
| 007 | cr ||||||||||| |
| 008 | 150407|2011||||xxc|||||o f|0| 0 eng|d |
| 040 | |aCaOODSP|beng |
| 043 | |an-cn--- |
| 086 | 1 |aPS84-38/1-2011E-PDF |
| 110 | 2 |aCorrectional Service Canada. |
| 245 | 10|aEvaluation report - Strategic Plan for Aboriginal Corrections. Chapter 1, : |h[electronic resource]|bAboriginal healing lodges / |c[by] Evaluation Branch, Policy Sector. |
| 260 | |aOttawa - Ontario : |bCorrectional Service Canada |cFebruary 2011. |
| 300 | |a125p.|bfigs., references, tables |
| 590 | |a13-19-Supp|b2013-08-14 |
| 775 | 08|tRapport d'évaluation - Plan stratégique relatif aux services correctionnels pour Autochtones. Chapitre un, : |w(CaOODSP)9.642373 |
| 856 | 40|ahttp://publications.gc.ca|qPDF|s1.25 Mo|uhttps://publications.gc.ca/collections/collection_2013/scc-csc/PS84-38-1-2011-eng.pdf |
| 986 | |aFile # 394-2-49 |